| 000 | 00000nam##2200000za#4500 |
| 001 | 9.634530 |
| 003 | CaOODSP |
| 005 | 20210624215835 |
| 007 | cr ||||||||||| |
| 008 | 150407|2007||||xxc|||||o f|0| 0 fre|d |
| 020 | |a978-0-662-07072-6 |
| 040 | |aCaOODSP|bfre |
| 043 | |an-cn--- |
| 086 | 1 |aCH14-20/2007F-PDF |
| 110 | 1 |aCanada.|bPatrimoine canadien. |bProgrammes d'appui aux langues officielles. |
| 245 | 13|aLa collaboration intergouvernementale en matière de services provinciaux et territoriaux dans la langue de la minorité : |h[ressource électronique]|bréussites et défis (2003-2007) |
| 260 | |aGatineau - Québec : |bPatrimoine canadien. |cMars 2007. |
| 300 | |a48p.|bfigures en couleur, graphiques, références, tableaux |
| 590 | |a10-12-Supp|b2010-11-18 |
| 691 | 07|aMinorité linguistique|2gcpds |
| 775 | 08|tIntergovernmental cooperation in the area of provincial and territorial minority-language services : |w(CaOODSP)9.690157 |
| 856 | 40|ahttp://publications.gc.ca|qPDF|s362 Ko|uhttps://publications.gc.ca/collections/collection_2010/pc-ch/CH14-20-2007-fra.pdf |